|
|
|
|
| LEADER |
00760nam a22002291a 4500 |
| 001 |
c000416750 |
| 003 |
CARM |
| 005 |
00000000000000.0 |
| 008 |
020826s19uu vra 000 0 eng d |
| 019 |
1 |
|
|a 9881940
|
| 035 |
|
|
|a (OCoLC)221171660
|
| 035 |
|
|
|a (vdu).b20307172
|
| 040 |
|
|
|a VDU
|b eng
|c VDU
|
| 082 |
0 |
4 |
|a 698
|
| 245 |
0 |
0 |
|a House decoration :
|b comprising whitewashing, paperhanging, painting, etc ... /
|c edited by Paul N. Hasluck.
|
| 260 |
|
|
|a Melbourne :
|b Will Andrade,
|c [19--?]
|
| 300 |
|
|
|a 160 p.
|c 17 cm.
|
| 650 |
|
0 |
|a Paperhanging.
|
| 650 |
|
0 |
|a Wallpaper.
|
| 650 |
|
0 |
|a Interior decoration
|v Amateurs' manuals.
|
| 700 |
1 |
|
|a Hasluck, Paul N.
|q (Paul Nooncree),
|d 1854-1931.
|
| 999 |
f |
f |
|i 24da671f-f061-57f1-929f-b10edf41181d
|s 6b768d3d-117a-58bb-bcfa-842abea92159
|